Boxing : advanced tactics and strategies (Record no. 214119)

MARC details
000 -LEADER
fixed length control field 00281nam a2200097Ia 4500
082 ## - DEWEY DECIMAL CLASSIFICATION NUMBER
Classification number 796.83 ONEL
008 - FIXED-LENGTH DATA ELEMENTS--GENERAL INFORMATION
fixed length control field 210817s9999 xx 000 0 und d
100 ## - MAIN ENTRY--PERSONAL NAME
Personal name Onello, R. Michael Santa Fe, NM, 2007
9 (RLIN) 66665
245 #0 - TITLE STATEMENT
Title Boxing : advanced tactics and strategies
942 ## - ADDED ENTRY ELEMENTS
item type Books
Holdings
Withdrawn status Lost status Damaged status Not for loan Home library Current library Date acquired Cost, normal purchase price Total Checkouts Barcode Date last seen Price effective from item type
        Thistle Grove Thistle Grove 18.08.2021 149.00   33228020807382 18.08.2021 18.08.2021 Books